<?xml version="1.0" encoding="UTF-8"?>
<collection xmlns="http://www.loc.gov/MARC21/slim">
 <record>
  <leader>00680pamaa2200205   4500</leader>
  <controlfield tag="001">0000050670</controlfield>
  <controlfield tag="005">20130117090000.0</controlfield>
  <controlfield tag="008">120921s1992                                  </controlfield>
  <datafield tag="020" ind1="0" ind2="0">
   <subfield code="a">0442008864 </subfield>
  </datafield>
  <datafield tag="090" ind1="0" ind2="0">
   <subfield code="a">TX551 </subfield>
   <subfield code="b">RIZ 1992</subfield>
  </datafield>
  <datafield tag="100" ind1="1" ind2="0">
   <subfield code="a">Rizvi </subfield>
  </datafield>
  <datafield tag="245" ind1="1" ind2="0">
   <subfield code="a">Experimental methods in food engineering  </subfield>
   <subfield code="c">S.S.H. Rizvi, G.S. Mittal.</subfield>
  </datafield>
  <datafield tag="260" ind1="0" ind2="0">
   <subfield code="a">New York, N.Y.: </subfield>
   <subfield code="b">Van Nostrand Reinhold, </subfield>
   <subfield code="c">1992.</subfield>
  </datafield>
  <datafield tag="300" ind1=" " ind2=" ">
   <subfield code="a">x, 289 p.: </subfield>
   <subfield code="b">ill.; </subfield>
   <subfield code="c">28 cm.</subfield>
  </datafield>
  <datafield tag="500" ind1="0" ind2="0">
   <subfield code="a">&quot;An AVI book&quot;--P. [4] of cover</subfield>
  </datafield>
  <datafield tag="501" ind1="0" ind2="0">
   <subfield code="a">FHLS</subfield>
  </datafield>
  <datafield tag="504" ind1="0" ind2="0">
   <subfield code="a">Includes bibliographical references (p. 285-286) and index</subfield>
  </datafield>
  <datafield tag="650" ind1="0" ind2="0">
   <subfield code="a">Food -- </subfield>
   <subfield code="x">Experiments </subfield>
  </datafield>
  <datafield tag="650" ind1="0" ind2="0">
   <subfield code="a">Food -- </subfield>
   <subfield code="x">Laboratory manuals </subfield>
  </datafield>
  <datafield tag="700" ind1="1" ind2="1">
   <subfield code="a">Mittal, </subfield>
   <subfield code="h">Gauri S. </subfield>
  </datafield>
 </record>
</collection>
